Instituciones de derecho procesal penal. (Record no. 172456)

MARC details
000 -LEADER
campo de control de longitud fija 00672nam a2200205 i 4500
001 - NÚMERO DE CONTROL
campo de control 172456
003 - IDENTIFICADOR DE NÚMERO DE CONTROL
campo de control ES-MaACL
005 - FECHA Y HORA DE LA ÚLTIMA TRANSACCIÓN
campo de control 20230906214924.0
008 - DATOS DE LONGITUD FIJA--INFORMACIÓN GENERAL
campo de control de longitud fija 090708s1979 sp |||| | spa d
017 ## - NÚMERO DE COPYRIGHT O DE DEPÓSITO LEGAL
Número de copyright o de depósito legal M 34545-1979
020 ## - NÚMERO INTERNACIONAL ESTÁNDAR DEL LIBRO
Número Internacional Estándar del Libro 84-300-1577-9
080 ## - NÚMERO DE LA CLASIFICACIÓN DECIMAL UNIVERSAL
Número de la Clasificación Decimal Universal 343.1(460)(07)
100 0# - ENTRADA PRINCIPAL--NOMBRE DE PERSONA
Nombre de persona Aragoneses Alonso, Pedro.
9 (RLIN) 22207
245 10 - MENCIÓN DEL TÍTULO
Título Instituciones de derecho procesal penal.
Número de parte o sección de la obra I /
Mención de responsabilidad, etc. Pedro Aragoneses Alonso.
250 ## - MENCION DE EDICION
Mención de edición 2ª ed., corr. y adapt. a la legislación vigente.
260 ## - PUBLICACIÓN, DISTRIBUCIÓN, ETC.
Lugar de publicación, distribución, etc. Madrid :
Nombre del editor, distribuidor, etc. [s.n.],
Fecha de publicación, distribución, etc. 1979 (
Fabricante Gráficas Encinas)
300 ## - DESCRIPCIÓN FÍSICA
Extensión 404 p. ;
Dimensiones 24 cm.
650 04 - PUNTO DE ACCESO ADICIONAL DE MATERIA--TÉRMINO DE MATERIA
Término de materia o nombre geográfico como elemento de entrada Procedimiento penal-
Subdivisión geográfica España.
9 (RLIN) 16429
852 ## - LOCALIZACIÓN
Ubicación ES-MaACL
Número de control de estantería E-12771
itemnumber R.143562
Holdings
Estatus retirado Estado de pérdida Estado de daño No para préstamo Biblioteca de origen Biblioteca actual Ubicación en estantería Fecha de adquisición Fuente de adquisición Total de préstamos Signatura topográfica completa Código de barras Visto por última vez Precio de reemplazo Tipo de ítem Koha
        Biblioteca del Ateneo de Madrid Biblioteca del Ateneo de Madrid Depósito 2 08/07/2009     E-12771 1180982 23/02/2023 23/02/2023 Libro impreso